000 00545nam#a2200217#c#4500
003 IEF
005 20180219155547.0
008 950601s1978 uuu####fr####|10||u| |u
040 _aIEF
100 1 _aRuiz Serramalera, Ricardo
_938895
245 _aLecciones de Dº Civil.
260 _aMadrid
_b Imp. Realigraf
_c1978
300 _av.
_c24 cm.
500 _aContiene indices
650 4 _aDERECHO CIVIL
_941867
650 4 _aESPAÑA
_941092
650 4 _aTRATADOS, MANUALES, ETC
_948609
942 _cLIB
942 _z60263
999 _c49721
_d49721